[Event "It"]
[Site "Los Angeles USA"]
[Date "2003.08.19"]
[Round "2"]
[White "Ambarcumjan,A"]
[Black "Yudasin,L"]
[Result "1/2-1/2"]
[WhiteElo "2424"]
[BlackElo "2558"]

1.d4 Nf6 2.c4 e6 3.Nc3 Bb4 4.Qc2 O-O 5.a3 Bxc3+ 6.Qxc3 b6 7.Bg5 Ba6 8.Nf3 d6
9.e3 Nbd7 10.Nd2 c5 11.b4 Rc8 12.dxc5 bxc5 13.b5 Bb7 14.Bd3 h6 15.Bxf6 Nxf6
16.O-O d5 17.a4 Qd6 18.f3 Rfd8 19.Rfd1 e5 20.Bf5 d4 21.Qd3 Rc7 22.e4 g6 23.Bh3 Nh5
24.g3 Rf8 25.a5 Ng7 26.Rdb1 Re7 27.Rb3 f5 28.Qb1 Re6 29.a6 Bc8 30.b6 axb6
31.Bg2 f4 32.Bh3 Ref6 33.Bxc8 Rxc8 34.a7 Ra8 35.Ra6 Qc7 36.gxf4 Rxf4 37.Rbxb6 Rxa7
38.Rxa7 Qxa7 39.Rxg6 Qa3 40.Rg2 Qe3+ 41.Kh1 Rf7 42.h3 Qf4 43.Qb6 Qf6 44.Qxc5 Kh7
45.Qc8 h5 46.Qb8 Ne6 47.Qg8+ Kh6 48.Qc8 Nf4 49.Rg3 Rf8 50.Qb7 h4 51.Rg4 Nxh3
52.Kg2 Nf4+ 53.Kh2 Ng6 54.c5 Rf7 55.Qb6 Kh5 56.Nc4 Rf8 57.Qd6 Qxd6 58.cxd6 Rd8
59.Rg1 d3 60.Rb1 Kg5 61.Rb3 Kf6 62.Rxd3 Ke6 63.Ne3 Rxd6 64.Rxd6+ Kxd6 65.Nf5+  1/2-1/2

[Event "It"]
[Site "Los Angeles USA"]
[Date "2003.08.20"]
[Round "3"]
[White "Yudasin,L"]
[Black "Becerra Rivero,J"]
[Result "1-0"]
[WhiteElo "2558"]
[BlackElo "2569"]

1.e4 e5 2.Bc4 Nf6 3.d3 c6 4.Nf3 Be7 5.Bb3 O-O 6.O-O d6 7.Re1 Qc7 8.c3 h6
9.Nbd2 Re8 10.h3 Bf8 11.d4 c5 12.d5 g6 13.a4 Nbd7 14.Bc2 b6 15.b3 Nh5 16.Nf1 Bg7
17.g3 a6 18.Kh2 Rb8 19.Bd2 Kh7 20.Ne3 Ndf6 21.Bd3 Bd7 22.Qc2 Ra8 23.Ra2 Rf8
24.Ng2 Nxe4 25.Bxe4 f5 26.Bd3 e4 27.Be2 exf3 28.Bxf3 Nf6 29.Nf4 Rae8 30.Rxe8 Rxe8
31.c4 Ne4 32.Bxe4 fxe4 33.Bc3 Bc8 34.Qd2 Qf7 35.Bxg7 Kxg7 36.Qe3 g5 37.Ne2 a5
38.g4 h5 39.Qxg5+ Kh7 40.Qxh5+ Qxh5 41.gxh5 e3 42.Ng3 exf2 43.Rxf2 Kg7 44.Rf3 Re5
45.Kg2 Re8 46.Kf2 Bxh3 47.Rf4 Rh8 48.Ke3 Bd7 49.Rh4 Rh6 50.Re4 Kf7 51.Rf4+ Kg7
52.Nf5+ Bxf5 53.Rxf5 Rh8 54.Kf4 Re8 55.Rg5+ Kh7 56.Rg6 Rf8+ 57.Kg4 Rd8 58.Kg5  1-0

[Event "It"]
[Site "Los Angeles USA"]
[Date "2003.08.21"]
[Round "4"]
[White "Minasian,Art"]
[Black "Yudasin,L"]
[Result "0-1"]
[WhiteElo "2571"]
[BlackElo "2558"]

1.e4 c5 2.f4 e6 3.Nf3 d5 4.Bb5+ Bd7 5.Bxd7+ Nxd7 6.d3 Bd6 7.O-O Ne7 8.c4 d4
9.e5 Bc7 10.Nbd2 Nc6 11.Ne4 Qe7 12.Bd2 f5 13.exf6 gxf6 14.a3 f5 15.Neg5 O-O-O
16.b4 Rde8 17.Qa4 h6 18.Nh3 Rhg8 19.Rae1 Kb8 20.Re2 Rg6 21.Rb1 Ka8 22.Bc1 Reg8
23.Kh1 Bd6 24.b5 Nd8 25.Qd1 R6g7 26.a4 Qf7 27.a5 Kb8 28.a6 b6 29.Qf1 Nf6
30.Bd2 Qc7 31.Ne5 Ng4 32.Ng1 h5 33.Ngf3 Nxe5 34.Nxe5 Bxe5 35.Rxe5 Rxg2 36.Qxg2 Rxg2
37.Kxg2 Qg7+ 38.Kf2 Qg4 39.Rg1 Qh4+ 40.Kg2 Qg4+ 41.Kf2 Qh4+ 42.Rg3 Qxh2+
43.Rg2 Qh3 44.Rg8 Qxd3 45.Be1 Kc8 46.Rxe6 Kd7 47.Re5 Ne6 48.Ra8 Nxf4 49.Rxa7+ Kd6
50.Rae7 Qh3  0-1

[Event "It"]
[Site "Los Angeles USA"]
[Date "2003.08.22"]
[Round "5"]
[White "Yudasin,L"]
[Black "Khachiyan,M"]
[Result "1-0"]
[WhiteElo "2558"]
[BlackElo "2473"]

1.e4 c5 2.Nf3 d6 3.Bc4 Nc6 4.c3 Nf6 5.d3 g6 6.Bb3 Bg7 7.O-O O-O 8.h3 e5 9.Re1 d5
10.Bg5 d4 11.Ba4 h6 12.Bh4 Qb6 13.Na3 Be6 14.Bxc6 bxc6 15.Nxe5 Qxb2 16.Nac4 Qb5
17.Rb1 Qa6 18.Rb3 Qc8 19.Bg3 Nd7 20.cxd4 cxd4 21.Nxd7 Qxd7 22.Qc2 f5 23.exf5 Rxf5
24.Rb4 Rc5 25.Qa4 Rf8 26.Nd6 Be5 27.Bxe5 Rxe5 28.Rxe5 Qxd6 29.Re2  1-0

[Event "It"]
[Site "Los Angeles USA"]
[Date "2003.08.23"]
[Round "6"]
[White "Kretchetov,A"]
[Black "Yudasin,L"]
[Result "1/2-1/2"]
[WhiteElo "2335"]
[BlackElo "2558"]

1.Nf3 c5 2.c4 Nf6 3.Nc3 g6 4.e4 d6 5.d4 cxd4 6.Nxd4 Bg7 7.Be2 O-O 8.O-O Nc6
9.Be3 Bd7 10.f3 Nxd4 11.Bxd4 Bc6 12.Qd2 a5 13.Rab1 Nd7 14.Be3 Nc5 15.b3 Qb6
16.Rfc1 Qb4  1/2-1/2

[Event "It"]
[Site "Los Angeles USA"]
[Date "2003.08.24"]
[Round "7"]
[White "Yudasin,L"]
[Black "Sevillano,E"]
[Result "1-0"]
[WhiteElo "2558"]
[BlackElo "2490"]

1.e4 e6 2.d3 d5 3.Nd2 c5 4.Ngf3 Nc6 5.g3 b6 6.Bg2 Nf6 7.O-O Be7 8.Re1 O-O
9.e5 Nd7 10.Qe2 Qc7 11.c3 Ba6 12.Nf1 b5 13.h4 b4 14.c4 dxc4 15.dxc4 Rad8
16.b3 Nd4 17.Nxd4 cxd4 18.Bf4 Bb7 19.Nd2 Nc5 20.h5 Kh8 21.Bxb7 Qxb7 22.Rad1 Rd7
23.Ne4 Nxe4 24.Qxe4 Qxe4 25.Rxe4 Bc5 26.h6 g6 27.Rd3 a5 28.Kg2 a4 29.Bc1 Ra8
30.Re2 axb3 31.axb3 Kg8 32.g4 Ra1 33.Bb2 Rb1 34.Red2 Kf8 35.Kf3 Ke7 36.Kf4 f6
37.exf6+ Kxf6 38.g5+ Kf7 39.Bxd4 Be7 40.Be3 Rxd3 41.Rxd3 Rg1 42.Ke4 Bxg5
43.Rd7+ Kf6 44.f4  1-0

[Event "It"]
[Site "Los Angeles USA"]
[Date "2003.08.25"]
[Round "8"]
[White "Taylor,T"]
[Black "Yudasin,L"]
[Result "1/2-1/2"]
[WhiteElo "2401"]
[BlackElo "2558"]

1.d4 Nf6 2.c4 e6 3.Nf3 b6 4.Nc3 Bb7 5.Bg5 Be7 6.e3 Ne4 7.h4 Nxg5 8.hxg5 Bxg5
9.Qc2 g6 10.O-O-O d6 11.d5 e5 12.c5 bxc5 13.Bb5+ Kf8 14.Nxg5 Qxg5 15.f4 Qe7
16.f5 Nd7 17.Rdf1 g5 18.Bxd7 Qxd7 19.f6 h6 20.Rf5 c6 21.e4 Ke8 22.Rxg5 Kd8
23.Rg7 Kc7 24.Qd2 h5 25.Qe2 Rh6 26.Rf1 Rf8 27.Rf3 Rg6 28.dxc6 Bxc6 29.Qa6 Kb8
30.Nd5 Bxd5 31.exd5 e4 32.Rb3+ Ka8 33.Rxg6 fxg6 34.Qf1 Qf5 35.Qb5 Qc8 36.Qf1 Qf5
37.Qb5  1/2-1/2

[Event "125th ch-NY"]
[Site "Kerhonkson USA"]
[Date "2003.08.31"]
[Round "4"]
[White "Bonin,J"]
[Black "Yudasin,L"]
[Result "1/2-1/2"]
[WhiteElo "2368"]
[BlackElo "2558"]

1.g3 d5 2.Bg2 c6 3.Nf3 Nf6 4.b3 Bf5 5.Bb2 h6 6.d3 e6 7.Nbd2 Bh7 8.c4 Be7
9.O-O O-O 10.Rc1 Nbd7 11.Rc2 Re8 12.Qa1 Bf8 13.Ne5 Nxe5 14.Bxe5 Nd7 15.Bc3 b5
16.cxb5 cxb5 17.Rfc1 a5 18.Nf3 b4 19.Be5 Nxe5 20.Nxe5 a4 21.Qd4 axb3 22.axb3 f6
23.Nc6 Qd6 24.Na7 Qa6 25.Nc6 Qb7 26.Bh3 Kh8 27.f4 Ra3  1/2-1/2

[Event "72nd NY Masters"]
[Site "New York USA"]
[Date "2003.09.09"]
[Round "2"]
[White "Shahade,G"]
[Black "Yudasin,L"]
[Result "0-1"]
[WhiteElo "2441"]
[BlackElo "2558"]

1.e4 e5 2.Nf3 Nc6 3.Bc4 Bc5 4.c3 Nf6 5.d3 d6 6.O-O Bb6 7.Bb3 h6 8.h3 O-O
9.Re1 Re8 10.Nbd2 Be6 11.Ba4 a6 12.Nf1 Bd7 13.Be3 Bxe3 14.Nxe3 Ne7 15.Bxd7 Qxd7
16.Nh4 g6 17.Qf3 Kg7 18.Rad1 Neg8 19.g4 Nh7 20.Qg3 Ng5 21.Nhg2 Nf6 22.f4 exf4
23.Nxf4 Ne6 24.Rf1 Nxf4 25.Rxf4 Ng8 26.Rdf1 Rf8 27.Qf2 c6 28.Nc4 Rad8 29.Qd4+ f6
30.h4 d5 31.Nb6 Qc7 32.Qc5 dxe4 33.dxe4 g5 34.R4f3 Rd2 35.R1f2 Rxf2 36.Qxf2 Qe7
37.hxg5 hxg5 38.e5 Qxe5 39.Nd7 Qe6 40.Nxf8 Qxg4+ 41.Rg3 Qd1+ 42.Kh2 Qd6 43.Qd4 Qxf8
44.Rxg5+ Kh8 45.Rh5+ Nh6 46.Qf4 Kh7 47.Qf5+ Kg7 48.Qd7+ Kg6 49.Rh3 Nf7 50.Qg4+ Ng5
51.Qh5+ Kf5 52.Rf3+ Ke6 53.Qg4+ Ke7 54.Qb4+ Ke8 55.Re3+ Kf7 56.Qxb7+ Kg6
57.Qb4 Qd8 58.Qg4 Qb8+ 59.Kg2 Qxb2+ 60.Qe2 Qb7 61.Re7 Qb1 62.Re3 Qb7 63.Qd3+ Kg7
64.Qe2 c5+ 65.Kf2 Qd5 66.Re7+ Kf8 67.Re8+ Kg7 68.Re7+ Kf8 69.Re8+ Kg7 70.Re7+ Kf8
71.Re8+ Kg7 72.Re7+ Kg6 73.Qc2+ f5 74.Qe2 Ne4+ 75.Kg1 Qd6 76.Ra7 c4 77.Qg2+ Ng5
78.Qe2 Qb6+ 79.Kg2 Qxa7 80.Qe8+ Qf7 81.Qc6+ Qe6 82.Qc7 Ne4 83.Qd8 Nxc3 84.Kg3 Ne4+
85.Kf4  0-1

[Event "73rd NY Masters"]
[Site "New York USA"]
[Date "2003.09.16"]
[Round "1"]
[White "Yudasin,L"]
[Black "Bonin,J"]
[Result "1-0"]
[WhiteElo "2558"]
[BlackElo "2368"]

1.e4 Nf6 2.e5 Nd5 3.d4 d6 4.Nf3 Bg4 5.Be2 c6 6.c4 Nb6 7.exd6 exd6 8.O-O Be7
9.b3 O-O 10.Nc3 Re8 11.Be3 Bf6 12.Qd2 Nc8 13.Rac1 Ne7 14.Ne4 Nf5 15.Nxf6+ Qxf6
16.Bg5 Qg6 17.Rfe1 Nd7 18.Nh4 Nxh4 19.Bxg4 Nf6 20.Bxh4 Nxg4 21.Qf4 Nh6 22.f3 Nf5
23.Bf2 h5 24.Re4 d5 25.cxd5 cxd5 26.Re5 Nh6 27.Rxd5 Re2 28.Rg5 Qd3 29.Rxh5 Rae8
30.Re5 R8xe5 31.dxe5 Nf5 32.Qc4 Qxc4 33.Rxc4 Rxa2 34.Rc8+ Kh7 35.g4 Ne7 36.Rc7 Ng6
37.Bg3 b6 38.Rxf7 Ra3 39.f4 Kg8 40.e6  1-0

[Event "74th NY Masters"]
[Site "New York USA"]
[Date "2003.09.23"]
[Round "3"]
[White "Yudasin,L"]
[Black "Ehlvest,J"]
[Result "1/2-1/2"]
[WhiteElo "2558"]
[BlackElo "2587"]

1.e4 c5 2.Nf3 d6 3.c3 Nf6 4.Be2 Nbd7 5.d3 b6 6.O-O Bb7 7.Re1 Rc8 8.Nbd2 Qc7
9.Bf1 e6 10.d4 cxd4 11.cxd4 Qc2 12.Qxc2 Rxc2 13.Bd3 Rc7 14.a3 Be7 15.e5 Nd5
16.Ne4 dxe5 17.dxe5 Nc5 18.Bb5+ Bc6 19.Nd4 Bxb5 20.Nxb5 Rd7 21.Nxc5 Bxc5
22.Bd2 a6 23.Nc3 Nxc3 24.Bxc3 Ke7 25.Kf1 Rc8 26.Rac1  1/2-1/2

[Event "76th NY Masters"]
[Site "New York USA"]
[Date "2003.10.07"]
[Round "1"]
[White "Hoffmann,As"]
[Black "Yudasin,L"]
[Result "1/2-1/2"]
[WhiteElo "2307"]
[BlackElo "2569"]

1.Nc3 c5 2.Nf3 Nc6 3.e4 e6 4.g3 a6 5.Bg2 g6 6.O-O Bg7 7.d3 d6 8.Be3 Nd4 9.Qd2 Qa5
10.Ne1 Bd7 11.a3 Ne7 12.f4 O-O 13.Nd5 Qd8 14.Nxe7+ Qxe7 15.Qd1 Ba4 16.Rc1 Rac8
17.b3 Bc6 18.a4 Bd7 19.c3 Nc6 20.Nf3 e5 21.Qd2 exf4 22.Bxf4 Be6 23.Rb1 d5
24.e5 d4 25.c4 Bg4 26.Rbe1 Rce8 27.Ng5 h6 28.h3 hxg5 29.Bxg5 Qd7 30.hxg4 Nxe5
31.Bf4 Nxg4 32.Bh3 f5 33.Bxg4 fxg4 34.Qg2 Rxe1 35.Rxe1 g5 36.Bxg5 Rf3 37.Bf4 Qf5
38.Qe2 Rxd3 39.Qe8+ Qf8 40.Qe6+ Qf7 41.Qxg4 Rxb3 42.Qc8+ Kh7 43.Qh3+ Kg8
44.Qc8+ Kh7 45.Qh3+ Kg8  1/2-1/2

[Event "76th NY Masters"]
[Site "New York USA"]
[Date "2003.10.07"]
[Round "4"]
[White "Yudasin,L"]
[Black "Wojtkiewicz,A"]
[Result "1-0"]
[WhiteElo "2569"]
[BlackElo "2571"]

1.e4 c5 2.f4 Nc6 3.Nf3 e6 4.Be2 d5 5.d3 dxe4 6.dxe4 Qxd1+ 7.Bxd1 Nf6 8.Nbd2 b6
9.c3 Bb7 10.Bc2 Be7 11.O-O O-O 12.Re1 Rfd8 13.h3 Nd7 14.e5 Rac8 15.Ne4 c4
16.Be3 Na5 17.Rad1 Bd5 18.Kf2 Nb7 19.Rd4 Ndc5 20.Ng3 Nd3+ 21.Bxd3 cxd3 22.Rxd3 Nc5
23.Rd4 Bxa2 24.Ra1 Bd5 25.Rxa7 Bf8 26.Nd2 Ra8 27.Rxa8 Rxa8 28.c4 Bc6 29.b4 Na4
30.b5 Bb7 31.Nge4 Nc5 32.Nd6 Ra2 33.Nxb7 Nxb7 34.Rd7 Nc5 35.Rd8 Na4 36.Kf3 f5
37.exf6 gxf6 38.Ne4 Kf7 39.Rd7+ Kg6 40.g4 f5 41.Ng5 Nc5 42.Bxc5 Bxc5 43.Nxe6 Ra3+
44.Kg2 Ra2+ 45.Kf1 Ra4 46.g5 Rxc4 47.Rg7+ Kh5 48.Rxh7+ Kg6 49.Rh6+ Kf7 50.h4 Be7
51.Kg2 Re4 52.Nc7 Rxf4 53.Rh7+ Kg6 54.Rxe7 Rxh4  1-0

[Event "77th NY Masters"]
[Site "New York USA"]
[Date "2003.10.14"]
[Round "4"]
[White "Yudasin,L"]
[Black "Stripunsky,A"]
[Result "0-1"]
[WhiteElo "2569"]
[BlackElo "2530"]

1.e4 c5 2.Nf3 e6 3.b3 d6 4.Bb2 Nf6 5.Bd3 b6 6.O-O Bb7 7.Re1 Nc6 8.Bf1 Qc7
9.Na3 a6 10.d4 cxd4 11.Nxd4 Be7 12.c4 Nxd4 13.Qxd4 Nxe4 14.Qxg7 O-O-O 15.Qxf7 Ng5
16.Qh5 Rhg8 17.Re3 Rdf8 18.Rg3 Qc5 19.Qe2 h5 20.b4 Qf5 21.Nc2 h4 22.Nd4 hxg3
23.Nxf5 gxf2+ 24.Kxf2 Rxf5+ 25.Ke1 Rgf8 26.Bd4 Ne4 27.Qd3 Rxf1+ 28.Qxf1 Rxf1+
29.Kxf1 Nd2+ 30.Kf2 Nxc4 31.Re1 e5 32.Bc3 Bf6 33.g3 d5 34.h4 d4 35.Ba1 e4
36.h5 e3+ 37.Ke2 Be4 38.Bxd4 Bxd4 39.Rf1 Ne5 40.h6 Bd3+  0-1

[Event "78th NY Masters"]
[Site "New York USA"]
[Date "2003.10.21"]
[Round "2"]
[White "Becerra Rivero,J"]
[Black "Yudasin,L"]
[Result "1/2-1/2"]
[WhiteElo "2558"]
[BlackElo "2569"]

1.e4 c5 2.Nf3 e6 3.d4 cxd4 4.Nxd4 a6 5.Bd3 Bc5 6.Nb3 Ba7 7.Nc3 d6 8.Qe2 Ne7
9.Be3 Nbc6 10.O-O O-O 11.Rad1 b5 12.a3 b4 13.axb4 Nxb4 14.Rd2 Qc7 15.Rfd1 Bxe3
16.Qxe3 Bb7 17.Qg3 Rac8 18.e5 dxe5 19.Bxh7+ Kxh7 20.Rd7 Qb6 21.Rxe7 Nd5 22.Nxd5 Bxd5
23.Qxe5 Rxc2 24.Nd4 Rxb2 25.h4 Rb1 26.Rxb1 Qxb1+ 27.Kh2 Qe4 28.Qxe4+ Bxe4
29.Ra7 Bd3 30.Nb3 Kg6 31.Nc5 Bb5 32.Nxa6  1/2-1/2

[Event "Brooklyn College Match"]
[Site "New York USA"]
[Date "2003.10.28"]
[Round "1"]
[White "Yudasin,L"]
[Black "Kreiman,B"]
[Result "1-0"]
[WhiteElo "2569"]
[BlackElo "2481"]

1.e4 c5 2.Nf3 d6 3.c3 Nf6 4.Be2 g6 5.O-O Bg7 6.Re1 O-O 7.Bf1 Nc6 8.Na3 Ne5
9.Nxe5 dxe5 10.Nc4 Ne8 11.d3 b6 12.a4 Qc7 13.Bg5 Nd6 14.Ne3 e6 15.f3 Ba6
16.Qc2 f6 17.Bh4 Rad8 18.Red1 Rd7 19.Rac1 Bh6 20.Bf2 Rfd8 21.Qb3 Re7 22.Qa2 Nf7
23.b4 cxb4 24.cxb4 Qd6 25.b5 Bb7 26.Rc2 Red7 27.Nc4 Qe7 28.a5 bxa5 29.Nxa5 Nd6
30.Nc6 Bxc6 31.bxc6 Rc7 32.d4 Nf7 33.d5 exd5 34.Rxd5 Rdc8 35.Ba6 Rb8 36.Bb7 Qb4
37.Rc4 Qe7 38.Qxa7 Rbxb7 39.cxb7 Rxb7 40.Qa2 Kg7 41.Rd1 Ng5 42.Ra4 Ne6 43.Ra7 Rxa7
44.Qxa7 Qxa7 45.Bxa7 Kg8 46.Rd6 Kf7 47.Rd7+ Kg8 48.Kf2 Bf8 49.g3 h5 50.Ke3 Bh6+
51.Kd3 Bf8 52.Be3 Nc5+ 53.Bxc5 Bxc5 54.Kc4 Bg1 55.h3 f5 56.Kd5 fxe4 57.fxe4 Bh2
58.Kxe5 Bxg3+ 59.Kf6  1-0

[Event "Brooklyn College Match"]
[Site "New York USA"]
[Date "2003.10.28"]
[Round "2"]
[White "Kreiman,B"]
[Black "Yudasin,L"]
[Result "1-0"]
[WhiteElo "2481"]
[BlackElo "2569"]

1.e4 c5 2.Nf3 e6 3.d4 cxd4 4.Nxd4 a6 5.Nc3 Qc7 6.Bd3 b5 7.O-O Nf6 8.Qe2 Bd6
9.Ndxb5 axb5 10.Nxb5 Bxh2+ 11.Kh1 Qc6 12.Kxh2 Ba6 13.e5 Bxb5 14.Bxb5 Qc7
15.Kg1 Nd5 16.c4 Ne7 17.b3 O-O 18.a4 Nbc6 19.Ba3 Rfc8 20.Bd6 Qb7 21.Qe4 Nf5
22.Rfd1 Qa7 23.Rd3 Na5 24.Ba3 Rc7 25.Rad1 Rd8 26.g4 Nh6 27.Be7 d5 28.exd6  1-0

[Event "Brooklyn College Match"]
[Site "New York USA"]
[Date "2003.10.30"]
[Round "3"]
[White "Yudasin,L"]
[Black "Kreiman,B"]
[Result "1/2-1/2"]
[WhiteElo "2569"]
[BlackElo "2481"]

1.e4 c5 2.Nf3 d6 3.c3 Nf6 4.Be2 g6 5.O-O Bg7 6.Re1 O-O 7.Bf1 Nc6 8.Na3 e5
9.d3 h6 10.Nc4 Re8 11.a4 d5 12.exd5 Nxd5 13.a5 Rb8 14.Qa4 Bd7 15.Qa3 b6 16.h3 Qc7
17.g3 Be6 18.axb6 axb6 19.Qa6 b5 20.Ne3 Rb6 21.Qa3 b4 22.cxb4 Ndxb4 23.Bd2 Ra6
24.Qxa6 Nxa6 25.Rxa6 Qb7 26.Raa1 Nd4 27.Nxd4 cxd4 28.Ng4 Bxg4 29.hxg4 Qxb2
30.Ba5 Qb5 31.Bd2 Qd7 32.g5 hxg5 33.Bxg5 Qf5 34.Bd2 Rc8 35.Ra2 Bf6 36.Rb2 Bg5
37.Bxg5 Qxg5 38.Rb5 Re8 39.Rd5 Kg7 40.Rxd4 exd4 41.Rxe8 f5 42.Re6 f4 43.Kg2 Qd5+
44.Re4 fxg3 45.Kxg3 Qg5+ 46.Kf3 Qh5+ 47.Kg3 Qg5+  1/2-1/2

[Event "Brooklyn College Match"]
[Site "New York USA"]
[Date "2003.10.30"]
[Round "4"]
[White "Kreiman,B"]
[Black "Yudasin,L"]
[Result "1/2-1/2"]
[WhiteElo "2481"]
[BlackElo "2569"]

1.d4 Nf6 2.c4 e6 3.Nf3 b6 4.Nc3 Bb7 5.Bg5 Be7 6.e3 h6 7.Bh4 Ne4 8.Bxe7 Qxe7
9.Nxe4 Bxe4 10.Be2 O-O 11.O-O d6 12.Nd2 Bb7 13.Bf3 Bxf3 14.Qxf3 Nd7 15.Rfd1 Nf6
16.Ne4 Nxe4 17.Qxe4 c5 18.Rd2 Rfd8 19.Rad1 d5 20.cxd5 Rxd5  1/2-1/2

[Event "Brooklyn College Match"]
[Site "New York USA"]
[Date "2003.10.30"]
[Round "6"]
[White "Kreiman,B"]
[Black "Yudasin,L"]
[Result "1-0"]
[WhiteElo "2481"]
[BlackElo "2569"]

1.e4 c6 2.d4 d5 3.Nd2 dxe4 4.Nxe4 Nd7 5.Ng5 Ngf6 6.Bd3 e6 7.N1f3 Bd6 8.Qe2 h6
9.Ne4 Nxe4 10.Bxe4 O-O 11.Bd2 c5 12.O-O-O cxd4 13.Nxd4 Nc5 14.Nb5 Nxe4 15.Qxe4 Be7
16.Bb4 Bd7 17.Bxe7 Qxe7 18.Qxb7 Qg5+ 19.f4 Qxf4+ 20.Kb1 Bxb5 21.Qxb5 Rab8
22.Qd7 a5 23.b3 Rb4 24.g3 Qb8 25.Rd3 a4 26.Rf1 axb3 27.axb3 Qa8  1-0

[Event "81st NY Masters"]
[Site "New York USA"]
[Date "2003.11.11"]
[Round "4"]
[White "Ehlvest,J"]
[Black "Yudasin,L"]
[Result "0-1"]
[WhiteElo "2602"]
[BlackElo "2569"]

1.Nf3 Nf6 2.c4 c5 3.Nc3 e6 4.e4 Nc6 5.Be2 d5 6.e5 Nd7 7.cxd5 exd5 8.Bb5 a6
9.Bxc6 bxc6 10.O-O Be7 11.Re1 Nf8 12.d4 Ne6 13.Be3 Rb8 14.Na4 c4 15.b3 cxb3
16.axb3 O-O 17.Qc2 Bd7 18.Bd2 Qc8 19.Nc5 Bxc5 20.dxc5 Qb7 21.b4 Rbe8 22.Bc3 Bc8
23.Qd2 Qe7 24.Ra3 Nc7 25.Bb2 Nb5 26.Rae3 Bf5 27.h3 Be4 28.Nd4 Nxd4 29.Qxd4 Qe6
30.f3 Bg6 31.g4 h5 32.Kg2 Re7 33.Kg3 Rfe8 34.Bc1 Qc8 35.f4 Be4 36.Bb2 Qc7
37.Bc3 Re6 38.Rxe4 dxe4 39.Qxe4 Rd8 40.f5 Ree8 41.Kg2 Qd7 42.Re3 hxg4 43.hxg4 Qd5
44.Qxd5 Rxd5 45.Kf3 Red8 46.e6 fxe6 47.fxe6 Rd3  0-1

[Event "82nd NY Masters"]
[Site "New York USA"]
[Date "2003.11.18"]
[Round "3"]
[White "Yudasin,L"]
[Black "Becerra Rivero,J"]
[Result "1-0"]
[WhiteElo "2569"]
[BlackElo "2558"]

1.e4 c5 2.Nf3 d6 3.c3 Nf6 4.Be2 Nbd7 5.d3 b6 6.O-O Bb7 7.Re1 e6 8.Nbd2 Be7
9.Bf1 O-O 10.d4 Rc8 11.Bd3 cxd4 12.cxd4 e5 13.d5 Nc5 14.Bb1 Ba6 15.Nf1 Bxf1
16.Kxf1 b5 17.Kg1 Qc7 18.b3 Bd8 19.Bd2 Qd7 20.Bc2 Bb6 21.h3 a5 22.Nh4 Kh8
23.Qf3 Ng8 24.Nf5 f6 25.Rac1 g6 26.Ng3 Rc7 27.Bb1 Rfc8 28.Kh2 Kg7 29.Qe2 Nh6
30.f4 exf4 31.Bxf4 Nf7 32.Rf1 Ne5 33.Be3 b4 34.Rf4 Rf8 35.Rcf1 Qe8 36.Rh4 Kg8
37.Bh6 Rff7 38.Rhf4 Ncd7 39.Qd2 Rc3 40.Ne2 Be3 41.Qe1 Rc8 42.Rh4 Bxh6 43.Rxh6 Qd8
44.Rh4 Qb6 45.Qd2 Nf8 46.Rhf4 Kg7 47.Nd4 Re8 48.Bc2 Qc5 49.Qf2 Ned7 50.Bd3 Kg8
51.Bb5 Re5 52.Qd2 Qc3 53.Qd1 Qc8 54.Nc6 Re8 55.Nxa5 Qc5 56.Bxd7 Nxd7 57.Nc6 g5
58.R4f2 Rxe4 59.Rc2 Qb6 60.Qd3 Qe3 61.Qxe3 Rxe3 62.Nxb4 f5 63.Rc6 Rf6 64.Rc7 Ne5
65.Nc6 Ng6 66.b4 Re2 67.b5 Rb2 68.Nd4 Nf4 69.Rc2 Rb4 70.Rd2 Rf7 71.a3 Ra4
72.Rf3 Kg7 73.Rb3 Kf6 74.Nc6 Rb7 75.g3 Ng6 76.Re2 Ne5 77.Rf2 f4 78.gxf4 gxf4
79.b6 Kf5 80.Nd8 Rb8 81.b7 Rxd8 82.b8=Q Rxb8 83.Rxb8 f3 84.Rb3 Ke4 85.Kg3 Kxd5
86.Rd2+ Ke6 87.Kf2 Rh4 88.Kg3 Ra4 89.Ra2 d5 90.Rb4 Ra7 91.a4 Rg7+ 92.Kh2 Nd3
93.Rb1 Ke5 94.a5 f2 95.a6 Ra7 96.Kg2 Ke4 97.Ra3 d4 98.Rb7 Ra8 99.Re7+ Ne5
100.Kxf2 Kf4 101.Ra4 Nd3+ 102.Ke2 Nc5 103.Rxd4+ Kf5 104.a7 Kf6 105.Rxh7 Ne6
106.Rd6 Ke5 107.Rxe6+ Kxe6 108.Rb7 Kd6 109.h4 Kc6 110.Rg7 Kb6 111.h5 Rh8
112.h6  1-0

[Event "84th NY Masters"]
[Site "New York USA"]
[Date "2003.12.02"]
[Round "4"]
[White "Wojtkiewicz,A"]
[Black "Yudasin,L"]
[Result "1/2-1/2"]
[WhiteElo "2571"]
[BlackElo "2569"]

1.Nf3 c5 2.c4 g6 3.d4 cxd4 4.Nxd4 Bg7 5.e4 Nf6 6.Nc3 d6 7.Be2 O-O 8.Be3 Na6
9.O-O b6 10.Qd2 Bb7 11.f3 Qd7 12.Rfd1 Rfd8 13.Nd5 Nc7 14.Rac1 Rac8 15.Bg5 Ncxd5
16.cxd5 a6 17.Be3 b5 18.b3 Rxc1 19.Rxc1 Rc8 20.Rc2 Rxc2 21.Qxc2 e6 22.dxe6 fxe6
23.b4 Ne8 24.Nb3 Qc8 25.Qxc8 Bxc8 26.Kf2 Kf7 27.Bd4 Bxd4+ 28.Nxd4 e5 29.Nc6 Nc7
30.Bd1 Kf6 31.h4 Bd7 32.Na5 d5 33.exd5 Nxd5 34.a3 Nc3 35.Bc2 Bf5 36.Bxf5 gxf5
37.Nb7 Nb1 38.Nc5 Nxa3 39.Nxa6 f4 40.g3 Nc2 41.Nc7 Nd4 42.Nd5+ Ke6 43.Nc3 fxg3+
44.Kxg3 Kf5 45.Ne4 h6 46.Nc3  1/2-1/2

[Event "87th Marshall CCC"]
[Site "New York USA"]
[Date "2003.12.07"]
[Round "1"]
[White "Yudasin,L"]
[Black "West,J"]
[Result "1-0"]
[WhiteElo "2569"]
[BlackElo "2230"]

1.e4 c5 2.Nf3 d6 3.c3 Nf6 4.Bd3 Nc6 5.Bc2 Bg4 6.h3 Bxf3 7.Qxf3 g6 8.O-O Bg7
9.Qe2 O-O 10.Na3 a6 11.Nc4 Nxe4 12.Bxe4 d5 13.Bxd5 Qxd5 14.Nb6 Qd6 15.Nxa8 Rxa8
16.d3 Rd8 17.Rd1 b5 18.Be3 e5 19.a4 b4 20.Rac1 b3 21.d4 exd4 22.Qxa6 Qc7
23.cxd4 Nxd4 24.Qc4 Qb8 25.Rd2 Ne6 26.Rxd8+ Nxd8 27.Bxc5 Bxb2 28.Rb1 Bf6
29.Qxb3 Qe5 30.Qe3 Ne6 31.Qxe5 Bxe5 32.Be3 f5 33.a5 f4 34.Bb6 Nc7 35.Bxc7 Bxc7
36.a6  1-0

[Event "87th Marshall CCC"]
[Site "New York USA"]
[Date "2003.12.08"]
[Round "2"]
[White "Stripunsky,A"]
[Black "Yudasin,L"]
[Result "1/2-1/2"]
[WhiteElo "2530"]
[BlackElo "2569"]

1.c4 c5 2.Nc3 g6 3.g3 Bg7 4.Bg2 Nc6 5.e3 e5 6.Nge2 Nge7 7.O-O O-O 8.a3 a5
9.Rb1 d6 10.d3 Rb8 11.Bd2 Be6 12.Qb3 Qd7 13.Rfd1 Rfd8 14.e4 b6 15.Nb5 Na7
16.Nxa7 Qxa7 17.Nc3 Nc6 18.Nb5 Qd7 19.Qc2 f5 20.exf5 Bxf5 21.Be3 Rf8 22.Nc3 Nd4
23.Bxd4 cxd4 24.Nd5 b5 25.cxb5 Rxb5 26.Ne7+ Kh8 27.Nxf5 Qxf5 28.b4 axb4 29.axb4 d5
30.Rdc1 Rfb8 31.Qe2 Bf8 32.Rc7 Bxb4 33.Qa2 Bd6 34.Rxb5 Bxc7 35.Rxb8+ Bxb8
36.Qxd5 Qf6 37.Be4 Bd6 38.h4 Kg7 39.Qb7+ Qe7 40.Qc8 Qf6 41.Kg2 Qf8 42.Qc4 Qf6
43.Qc8 Qf8 44.Qc6 Qf6 45.Bd5 Be7 46.Qa8 Kh6 47.Qc8 Qf8 48.Qc1+ Kg7 49.Be4 Qf6
50.Qc4 Kh6 51.Qc2 Kg7 52.Qe2 Kh6 53.Bf3 Bb4 54.h5 Bd6 55.Qd2+ Qg5 56.Qa2 gxh5
57.Qe6+ Qg6 58.Qd7 Qf6 59.Be4 Be7 60.Qe8  1/2-1/2

[Event "87th Marshall CCC"]
[Site "New York USA"]
[Date "2003.12.10"]
[Round "4"]
[White "Yudasin,L"]
[Black "Ehlvest,J"]
[Result "1/2-1/2"]
[WhiteElo "2569"]
[BlackElo "2602"]

1.e4 c5 2.c3 e6 3.d4 d5 4.exd5 Qxd5 5.Nf3 Nf6 6.Na3 Qd8 7.Nc2 Nbd7 8.Be2 b6
9.O-O Bb7 10.Bf4 Be7 11.Ne5 O-O 12.Bf3 Qc8 13.dxc5 Bxc5 14.Nxd7 Nxd7 15.Bxb7 Qxb7
16.Qe2 Nf6  1/2-1/2

[Event "87th Marshall CCC"]
[Site "New York USA"]
[Date "2003.12.11"]
[Round "5"]
[White "Becerra Rivero,J"]
[Black "Yudasin,L"]
[Result "1/2-1/2"]
[WhiteElo "2558"]
[BlackElo "2569"]

1.e4 c5 2.Nf3 d6 3.d4 cxd4 4.Nxd4 Nf6 5.Nc3 a6 6.Be3 e6 7.g4 h6 8.f3 Nc6
9.Qd2 Qc7 10.O-O-O Rb8 11.h4 b5 12.Nxc6 Qxc6 13.Kb1 b4 14.Ne2 e5 15.Bh3 g6
16.Bg2 Be6 17.g5 hxg5 18.hxg5 Rxh1 19.Bxh1 Nh5 20.Nc1  1/2-1/2

[Event "87th Marshall CCC"]
[Site "New York USA"]
[Date "2003.12.12"]
[Round "6"]
[White "Shabalov,A"]
[Black "Yudasin,L"]
[Result "1-0"]
[WhiteElo "2597"]
[BlackElo "2569"]

1.e4 d5 2.exd5 Qxd5 3.Nc3 Qa5 4.d4 Nf6 5.Nf3 c6 6.Bc4 Bf5 7.Bd2 Nbd7 8.Qe2 Qc7
9.O-O-O e6 10.Ne5 Nxe5 11.dxe5 Nd5 12.g4 Bg6 13.f4 O-O-O 14.Rhf1 h5 15.f5 Bh7
16.h3 Be7 17.Nxd5 cxd5 18.Bd3 hxg4 19.hxg4 Rhe8 20.Rh1 Bg8 21.fxe6 fxe6 22.g5 Rf8
23.g6 Bc5 24.Bg5 Rde8 25.Bb5 Rf2 26.Qxf2 Bxf2 27.Bxe8 Qxe5 28.Bd2 d4 29.Bf7 d3
30.Bxg8 dxc2 31.Rde1 Bxe1 32.Rxe1 Qg3 33.Bxe6+ Kc7 34.Bf5  1-0

[Event "87th Marshall CCC"]
[Site "New York USA"]
[Date "2003.12.13"]
[Round "7"]
[White "Yudasin,L"]
[Black "Bonin,J"]
[Result "1-0"]
[WhiteElo "2569"]
[BlackElo "2339"]

1.e4 g6 2.d4 Bg7 3.Nc3 c6 4.Nf3 d5 5.h3 Nh6 6.Bd3 f6 7.exd5 cxd5 8.Ne2 O-O
9.c4 e6 10.O-O Nf7 11.Re1 Nc6 12.Nf4 Ng5 13.Nxg5 fxg5 14.Nxe6 Bxe6 15.Rxe6 Nxd4
16.Re1 Rc8 17.cxd5 Qxd5 18.Be4 Qf7 19.Be3 Rcd8 20.Qg4 Rde8 21.Bxg6 Qxg6 22.Bxd4 Rxe1+
23.Rxe1 Rf4 24.Qd7 Bxd4 25.Re8+ Rf8 26.Rxf8+ Kxf8 27.Qxd4 Qb1+ 28.Kh2 Qxa2
29.Qc5+ Ke8 30.Qc8+ Kf7 31.Qf5+ Ke8 32.Qe5+ Kf8 33.Qb8+ Kg7 34.Qxb7+ Kg8
35.Kg3 Qa5 36.Qb8+ Kg7 37.b4 Qa2 38.Qe5+ Kg6 39.Qe8+ Kg7 40.Kg4 h6 41.Qe7+ Kg6
42.Qe8+ Kg7 43.Kh5 Qa6 44.b5 Qf6 45.Qd7+ Kg8 46.Qc8+ Kg7 47.Qb7+ Kg8 48.Qb8+  1-0

[Event "87th Marshall CCC"]
[Site "New York USA"]
[Date "2003.12.14"]
[Round "8"]
[White "Yudasin,L"]
[Black "Fedorowicz,J"]
[Result "1-0"]
[WhiteElo "2569"]
[BlackElo "2519"]

1.e4 c5 2.Nf3 Nc6 3.Bb5 e6 4.Bxc6 bxc6 5.d3 Ne7 6.h4 h5 7.Qe2 Ng6 8.e5 f6
9.Qe4 Kf7 10.Nbd2 Ba6 11.b3 d5 12.exd6 Qxd6 13.Bb2 Qd5 14.O-O-O Be7 15.Rhe1 Qxe4
16.Nxe4 e5 17.Ba3 Nf4 18.Bxc5 Nxg2 19.Rg1 Nf4 20.Bxe7 Ne2+ 21.Kd2 Nxg1 22.Rxg1 Kxe7
23.Rxg7+ Kf8 24.Rc7 Rh6 25.Nc5 Bc8 26.Rxc6 Bg4 27.Nxe5 Re8 28.Nxg4 hxg4 29.Ne4 Ke7
30.Ra6 Ra8 31.Ng3 Kf7 32.h5 Rhh8 33.Ne4 Rh6 34.Ke3 Rxh5 35.Rxf6+ Ke7 36.Rg6 Rc8
37.c4 Ra5 38.Nc3 Re5+ 39.Kd4 Rf5 40.Rxg4 Rxf2 41.Rg7+ Rf7 42.Nd5+ Kf8 43.Rxf7+ Kxf7
44.b4 Ke6 45.a4  1-0